000
00446nam a2200145Ia 4500
008
100204s9999 xx 000 0 und d
082
_b
2561
100
_a
भागवत यशवंत
245
_a
मुग्धकलिका
260
_b
"ग. तु. बांदोडकर, मुंबई"
_c
1980
300
_a
195
630
_a
मुग्धकलिका
730
_a
मुग्धकलिका
942
_c
BOOK
999
_c
447614
_d
447611